000 00794nam a2200217Ia 4500
008 150520s9999 xx 000 0 und d
050 _aQK 861
050 _b.B942 2015
100 _aBunag, Noreen Leigh S.
245 3 _aAn in vitro study of the antibacterial effectiveness of raphanus sativus linn (radish) crude extract against vibrio parahaemolyticus /
245 _cNoreen Leigh S. Bunag, Mae Den C. Culla, Vanessa F. Gazzingan, Kayla Marie C. Hynson, Lara Mae P. Llantero, James Albert E. Martinez.
260 _aLas PiƱas, Philippines :
260 _bSISC,
260 _c2015.
300 _a75 pages :
300 _bcolor illustrations ;
300 _c28 cm.
500 _aIncludes bibliographical references and appendices.
650 _aRadish
650 _aVegetable
999 _c284055
_d284055